| 000 | 03274cam a22006374i 4500 | ||
|---|---|---|---|
| 003 | PE-LiUPU | ||
| 005 | 20250731180156.0 | ||
| 008 | 150706s r 000 0 d | ||
| 020 | _a9789681826093 | ||
| 035 | _a(Sirsi) i9789681826093 | ||
| 040 |
_aPE-LiUPU _bspa _cPE-LiUPU _erda |
||
| 049 | _aPRUA | ||
| 082 | 0 | 4 |
_a574.507 _bA34 _221 |
| 100 | 1 |
_aAlbert, Lilia A., _eautor. |
|
| 245 | 1 | 0 |
_aCurso básico de toxicología ambiental / _cLilia A. Albert. |
| 250 | _a2a | ||
| 264 | 1 |
_aMéxico : _bLIMUSA, _c2010. |
|
| 300 |
_a311 páginas : _bilustraciones, cuadro, tablas ; _c23 centímetros |
||
| 336 |
_atext _2rdacontent |
||
| 337 |
_aunmediated _2rdamedia |
||
| 338 |
_avolume _2rdacarrier |
||
| 504 | _aIncluye bibliografía. | ||
| 505 | 0 | _aContaminación y ecosistemas -- Sustancias ambientales y sustancias xenobióticas -- Carcinogénesis ambiental -- Contaminantes atmosféricos -- Contaminantes inorgánicos -- Metales.-Plomo -- Mercurio y metilmercurio -- Cadmio -- Cromo -- Arsenico -- Berilio -- Salenio -- Nitratos, nitritos y compuestos de n-nitrosos -- Contaminantes orgánicos -- Hidrocarburos.-Hidrocarburos aromáticos halogenados -- Herbicidas -- Bibliografía. | |
| 526 | _aSEG44 | ||
| 526 | _aSEG26 | ||
| 526 | _aP159 | ||
| 526 | _aP155 | ||
| 526 | _aP154 | ||
| 526 | _aP153 | ||
| 526 | _aP150 | ||
| 526 | _aP100 | ||
| 526 | _aP31 | ||
| 526 | _aP30 | ||
| 526 | _aP26 | ||
| 526 | _aP25 | ||
| 526 | _aP24 | ||
| 526 | _aP22 | ||
| 526 | _aP15 | ||
| 526 | _aP10 | ||
| 541 | _g015-0012792; | ||
| 650 | 0 | 4 |
_aToxicología ambiental _xEstudio y enseñanza. |
| 910 |
_agl _bjv _cng _d20110519 |
||
| 942 |
_2ddc _cBOOK |
||
| 949 |
_a574.5 A34 _wDEWEY _c1 _i41460 _d2016-8-18 _e2016-8-18 _lCCODEBUL1 _mBUL _n4 _r0 _sY _tBOOK _u2015-6-16 _xINGENIERIA _zUNKNOWN _0COMPRA _o.STAFF. Colección General |
||
| 949 |
_a574.507 A34 _wDEWEY _c1 _i62951 _lCCODEBUL1 _mBUL _p39.00 _r0 _sY _tBOOK _u2015-7-6 _xINGENIERIA _PP24 _0COMPRA _o.STAFF. Colección General |
||
| 949 |
_a574.507 A34 _wDEWEY _c2 _i69146 _d2016-10-21 _e2016-10-18 _lCCODEBUL1 _mBUL _n1 _p39.00 _r0 _sY _tBOOK _u2015-7-13 _xINGENIERIA _PP24 _0COMPRA _o.STAFF. Colección General |
||
| 949 |
_a574.507 A34 2012 _wDEWEY _c1 _iFJ05997 _lCCODEBUJ1 _mBUJ _p19.00 _r0 _sY _tBOOK _u2016-08-24 _xINGENIERIA _PP24 _0COMPRA _o.STAFF -- Colección General Juliaca |
||
| 994 |
_aC0 _bPEPRU |
||
| 596 | _a1 3 | ||
| 999 |
_a574.5 A34 _wDEWEY _c59177 _i41460 _d59177 _e2016-8-18 _f2019-12-11 _g6 _lDISCARD _mBUL _n4 _r1 _sY _tBOOK _u2015-6-16 _xINGENIERIA _zUNKNOWN _0COMPRA _o.STAFF. Colección General |
||
| 999 |
_a574.507 A34 _wDEWEY _c1 _i62951 _d2018-4-24 _e2018-4-22 _f2021-11-9 _g8 _lCCODEBUL1 _mBUL _n3 _p39.00 _q1 _r0 _sY _tBOOK _u2015-7-6 _xINGENIERIA _PP24 _0COMPRA _o.STAFF. Colección General |
||
| 999 |
_a574.507 A34 _wDEWEY _c2 _i69146 _d2017-7-3 _e2017-6-27 _f2019-12-11 _g7 _lDISCARD _mBUL _n2 _p39.00 _r1 _sY _tBOOK _u2015-7-13 _xINGENIERIA _PP24 _0COMPRA _o.STAFF. Colección General |
||
| 999 |
_a574.507 A34 2012 _wDEWEY _c1 _iFJ05997 _d2017-11-27 _e2017-11-23 _f2022-1-25 _g4 _lCCODEBUJ1 _mBUJ _n4 _p19.00 _q1 _r0 _sY _tBOOK _u2017-1-25 _xINGENIERIA _PP24 _0COMPRA _o.STAFF. Colección General Juliaca |
||
| 980 |
_81 _gALBERTO SANCHEZ Responsable de Automatización |
||